| 000 | 00418nam a2200181Ia 4500 | ||
|---|---|---|---|
| 001 | 4390 | ||
| 005 | 20260306145752.0 | ||
| 008 | 260306t1992||||xx |||||||||||||| ||spa|| | ||
| 041 | _aESP | ||
| 082 |
_a320.9862 _bA41 |
||
| 100 |
_aAlfaro, Eloy, 1842-1912 _eAUT |
||
| 245 | 0 | _aNarraciones Históricas | |
| 260 | _c1992 | ||
| 300 |
_a419 páginas : _c |
||
| 650 | _aGEN | ||
| 654 | _aCDE | ||
| 942 |
_cLIB _dJUS _fJUS _2ddc _n |
||
| 999 |
_c4390 _d4390 |
||